000 00912nam a2200289 i 4500
003 EG-GICUC
005 20260121101222.0
008 251115s1953 -us f |||| 001 0 eng d
040 _aEG-GiCUC
_beng
_cEG-GiCUC
_dEG-GiCUC
_erda
041 0 _aeng
082 0 4 _221
_a338.9
_bPE . E
092 0 4 _221
099 _aLaw1 13 338.9 PE . E 1953
100 1 _aPenrose , E. F. .
_eAuthor.
245 1 4 _aEconomic Planning For The Peace /
_cBy E. F. Penrose.
264 1 _aNew Jersey :
_bPrinceton,
_c1953.
300 _a384 pages ;
_c24 cm.
336 _2rda content
_atext
337 _2rda media
_aComputer
338 _2rda carrier
_aOnline Resource
504 _aIncludes bibliographical references and index.
546 _aText in English
650 1 4 _aPublic finance and tax legislation
856 4 0 _uhttps://fll.law.cu.edu.eg/fulltext/bks/B13-07586.pdf
905 _a48
942 _2ddc
_cBK
_e21
_n0
999 _c43301
_d43301